000 00526nam a2200169 i 4500
001 65102
003 ES-MaACL
005 20230906165311.0
007 t|
008 040108s1953 sp ||||1| spa d
100 1 _aFraguas y Fraguas, Antonio.
_952095
245 1 0 _aGeografĂ­a de Galicia /
_cAntonio Fraguas y Fraguas.
260 _aSantiago de Compostela :
_b[s.n.,
_c1953] (
_ePorto :
_fMoret)
300 _a491 p. :
_bil., map. ;
_c17 cm.
651 4 _aGalicia-
_xGeografĂ­a.
_9157507
852 _aES-MaACL
_jD-9253
_bR.34537
999 _c65102
_d65102